Baba Sayeb Ambedkar: vonji parichaya (Record no. 222573)
[ view plain ]
| 000 -LEADER | |
|---|---|
| fixed length control field | 00820nam a22002177a 4500 |
| 005 - DATE AND TIME OF LATEST TRANSACTION | |
| control field | 20240613142003.0 |
| 008 - FIXED-LENGTH DATA ELEMENTS--GENERAL INFORMATION | |
| fixed length control field | 220423b ||||| |||| 00| 0 eng d |
| 040 ## - CATALOGING SOURCE | |
| Transcribing agency | Aloy |
| 041 ## - LANGUAGE CODE | |
| Language code of text/sound track or separate title | Tulu |
| 082 ## - DEWEY DECIMAL CLASSIFICATION NUMBER | |
| Edition number | 23 |
| Classification number | T894.4 |
| Item number | DEEB |
| 100 ## - MAIN ENTRY--PERSONAL NAME | |
| Personal name | P Deekayya |
| 100 ## - MAIN ENTRY--PERSONAL NAME | |
| 9 (RLIN) | 170586 |
| 100 ## - MAIN ENTRY--PERSONAL NAME | |
| 9 (RLIN) | 34135 |
| Dates associated with a name | ಪಿ ಡೀಕಯ್ಯ |
| 245 ## - TITLE STATEMENT | |
| Title | Baba Sayeb Ambedkar: vonji parichaya |
| Remainder of title | ಬಾಬಾ ಸಾಯೇಬ್ ಅಂಬೇಡ್ಕರ್: ಒಂಜಿ ಪರಿಚಯ |
| 260 ## - PUBLICATION, DISTRIBUTION, ETC. | |
| Place of publication, distribution, etc. | Bengaluru |
| Name of publisher, distributor, etc. | Kannada mattu Samskrati Nirdeshanalaya |
| Date of publication, distribution, etc. | 1997 |
| 300 ## - PHYSICAL DESCRIPTION | |
| Extent | 52 p. |
| Other physical details | PB |
| Dimensions | 21x14 cm |
| 365 ## - TRADE PRICE | |
| Source of price type code | Tulu |
| Price amount | 18.00 |
| Currency code | ₹ |
| Unit of pricing | 18.00 |
| 650 ## - SUBJECT ADDED ENTRY--TOPICAL TERM | |
| Topical term or geographic name entry element | Biography: ಜೀವನ ಚರಿತ್ರೆ |
| 9 (RLIN) | 31124 |
| 650 ## - SUBJECT ADDED ENTRY--TOPICAL TERM | |
| Topical term or geographic name entry element | Tulu Prose: ತುಳು ಪ್ರಬಂಧ |
| 9 (RLIN) | 31125 |
| 700 ## - ADDED ENTRY--PERSONAL NAME | |
| Personal name | DEEKAYYA (P): ಡೀಕಯ್ಯ (ಪಿ) |
| 9 (RLIN) | 31126 |
| 942 ## - ADDED ENTRY ELEMENTS (KOHA) | |
| Source of classification or shelving scheme | Dewey Decimal Classification |
| Koha item type | George Fernandes Collections |
| Withdrawn status | Lost status | Source of classification or shelving scheme | Damaged status | Not for loan | Collection code | Home library | Current library | Date acquired | Total Checkouts | Full call number | Barcode | Date last seen | Price effective from | Koha item type |
|---|---|---|---|---|---|---|---|---|---|---|---|---|---|---|
| Dewey Decimal Classification | Others | St Aloysius Library | St Aloysius Library | 03/24/2013 | T894.4 DEEB | GF03208 | 04/23/2022 | 04/23/2022 | George Fernandes Collections |